000 00431nam a2200181Ia 4500
001 16683
005 20260306170327.0
008 260306t1992||||xx |||||||||||||| ||und||
041 _aESP
082 _a349.1
_bR76
100 _aRodríguez Pastor, Carlos
_eAUT
245 0 _aProntuario de derecho romano
260 _c1992
300 _a275 páginas :
_c21 cm.
650 _aGEN
654 _aCDE
942 _cLIB
_dJUS
_fJUS
_2ddc
_n
999 _c16683
_d16683